Online
Catalog

Santa Teresa de Jesús y el misticismo español /. (Record no. 46005)

MARC details
000 -CABECERA
campo de control de longitud fija 00541nam a2200169 a 4500
001 - NÚMERO DE CONTROL
campo de control 000046516
005 - FECHA Y HORA DE LA ÚLTIMA TRANSACCIÓN
campo de control 20221102093910.0
008 - DATOS DE LONGITUD FIJA--INFORMACIÓN GENERAL
campo de control de longitud fija 150821s2015 dr 000 0 spa d
020 ## - NÚMERO INTERNACIONAL ESTÁNDAR DEL LIBRO
Número Internacional Estándar del Libro 9789945423327
040 ## - FUENTE DE LA CATALOGACIÓN
Centro catalogador/agencia de origen DO-SdBNP
Lengua de catalogación spa
Centro/agencia transcriptor BNPHU
082 ## - NÚMERO DE LA CLASIFICACIÓN DECIMAL DEWEY
Número de clasificación XXX
Número de documento/Ítem xxxx
245 00 - MENCIÓN DE TÍTULO
Título Santa Teresa de Jesús y el misticismo español /.
260 ## - PUBLICACIÓN, DISTRIBUCIÓN, ETC.
Lugar de publicación, distribución, etc. Santo Domingo :
Nombre del editor, distribuidor, etc. UNAPEC,
Fecha de publicación, distribución, etc. 2015.
300 ## - DESCRIPCIÓN FÍSICA
Extensión 108 p. :
Otras características físicas il. ;
Dimensiones 24 cm.
500 ## - NOTA GENERAL
Nota general Panel celebrado con motivo de las semanas de España en República Dominicana
710 2# - PUNTO DE ACCESO ADICIONAL--NOMBRE DE ENTIDAD CORPORATIVA
Nombre de entidad corporativa o nombre de jurisdicción como elemento de entrada Universidad APEC
9 (RLIN) 30673
Holdings
Estado de retiro Estado de pérdida Restricciones de uso No para préstamo Código de colección Localización permanente Ubicación/localización actual Ubicación en estantería Fecha de adquisición Número de inventario Total de préstamos Signatura topográfica completa Código de barras Fecha visto por última vez Precio válido a partir de Tipo de ítem Koha Número de copia
    Préstamo interno   Patrimonio Dominicano General General En catalogación 21.08.2015 LF1   XXX xxxx 46516-30 25.06.2020 25.06.2020 Libro y Folleto Colección Patrimonio Dominicano  
    Préstamo interno Préstamo restrigido Patrimonio Dominicano Patrimonio Dominicano Patrimonio Dominicano En catalogación 21.08.2015 LF1   XXX xxxx 46516-10 25.06.2020 25.06.2020 Libro y Folleto Colección Patrimonio Dominicano e. 2
    Préstamo interno   Dominicana de Servicio Patrimonio Dominicano Patrimonio Dominicano En catalogación 21.08.2015 LF1   XXX xxxx 46516-20 25.06.2020 25.06.2020 Libro y Folleto Colección Dominicana de Servicio e. 3

Powered by Koha